Loreto College Library, Kolkata
WEBOPAC (ONLINE PUBLIC ACCESS CATALOGUE)

Romanesque France (Record no. 25104)

MARC details
000 -LEADER
fixed length control field 00633nam a2200205Ia 4500
008 - FIXED-LENGTH DATA ELEMENTS--GENERAL INFORMATION
fixed length control field 131103s9999 xx 000 0 und d
040 ## - CATALOGING SOURCE
Original cataloging agency Loreto College
041 ## - LANGUAGE CODE
Language code English
082 ## - DDC | ডিউই
Classification number | বর্গসংখ্যা 944.02/MAR
Book Number | গ্রন্থাঙ্ক LCLIB/15834
100 ## - MAIN ENTRY--PERSONAL NAME | মুখ্য সংলেখ - ব্যাক্তিনাম
Personal name | ব্যাক্তিনাম Markham, Violet R
245 ## - TITLE STATEMENT | অাখ্যা বিবরণী
Title | অাখ্যা Romanesque France
Sub title | উপঅাখ্যা Studies in the archaeology and history of the 12th century
Statement of responsibility | লেখকের দায়িত্বের বিবরণ Violet R Markham
250 ## - EDITION STATEMENT | সংস্করণ ক্ষেত্র
Edition statement | সংস্করণ 1st ed.
260 ## - IMPRINT | প্রকাশনা ক্ষেত্র
Place of publication | প্রকাশ স্থান London
Name of publisher | প্রকাশকের নাম John Murray
Date of publication | প্রকাশ কাল 1929
300 ## - PHYSICAL DESCRIPTION |
Page / Vol. No | পৃষ্ঠা / খন্ড সংখ্যা xvii,521p.
Other physical details | অনান্য বাহ্যিক বিবরণ ill. maps
504 ## - BIBLIOGRAPHY, ETC. NOTE
Bibliography, etc Includes bibliographical references & index
650 ## - SUBJECT ADDED ENTRY--TOPICAL TERM | বিষয় শিরোনাম - মূল বিষয়
Topical term | মূল বিষয় History
651 ## - SUBJECT ADDED ENTRY--GEOGRAPHIC NAME | বিষয় শিরোনাম - ভৌগলিক নাম
Geographic name | ভৌগলিক বিষয় French - History
850 ## - HOLDING INSTITUTION
Holding institution LCLIB/944.02/MAR
942 ## - ADDED ENTRY ELEMENTS (KOHA)
Koha item type Books
Holdings
Withdrawn status Lost status Damaged status Not for loan Home library Current library Date acquired Total Checkouts Full call number Accession No. Date last seen Price effective from Koha item type
        Loreto College Loreto College 04/11/2013   944.02/MAR LCLIB/15834 B27904 04/11/2013 04/11/2013 Books